000 00308nam a22001337a 4500
008 170613b xxu||||| |||| 00| 0 eng d
020 _a9780470379929
041 _aeng
080 _a94
100 _a19
101 _aSHH
245 _aTHE CASE AGINST ISRAEL ENEMIES
_cDERSHOWITZ.A
942 _2udc
_cBK
999 _c17069
_d17069